Teoretické prístupy k definovaniu manažérskej kompetentnosti
Základné teoretické pohľady na pojem kompetencia a kompetentnosť. Manažérska kompetentnosť z pohľadu histórie a súčasnosti. Kľúčová (korporátna) kompetencia.
Na minha lista:
| Autor principal: | |
|---|---|
| Formato: | Capítulo de Livro |
| Idioma: | eslovaco |
| Assuntos: | |
| Tags: |
Sem tags, seja o primeiro a adicionar uma tag!
|
MARC
| LEADER | 00000nla a2200000 4500 | ||
|---|---|---|---|
| 001 | 0195581 | ||
| 005 | 20240503095803.6 | ||
| 041 | 0 | |a slo | |
| 044 | |a SK | ||
| 245 | 1 | 0 | |a Teoretické prístupy k definovaniu manažérskej kompetentnosti |c Zuzana Skorková |
| 520 | |a Základné teoretické pohľady na pojem kompetencia a kompetentnosť. Manažérska kompetentnosť z pohľadu histórie a súčasnosti. Kľúčová (korporátna) kompetencia. | ||
| 610 | 2 | 0 | |a kompetencie manažérske |
| 610 | 2 | 0 | |a zdroje ľudské |
| 610 | 2 | 0 | |a kompetencie |
| 610 | 2 | 0 | |a pojmy |
| 610 | 2 | 0 | |a vedomosti |
| 610 | 2 | 0 | |a zručnosti |
| 610 | 2 | 0 | |a postoje |
| 610 | 2 | 0 | |a zamestnanci |
| 610 | 2 | 0 | |a firmy |
| 100 | 1 | |a Skorková, Zuzana, 1979- | |